Komanditní společnost
Enregistré dans:
| Auteur principal: | |
|---|---|
| Format: | Livre |
| Langue: | tchèque |
| Publié: |
Praha
ASPI
2004
|
| Collection: | Právnické osoby
|
| Sujets: | |
| Tags: |
Pas de tags, Soyez le premier à ajouter un tag!
|
MARC
| LEADER | 00000nam$a2200000$$$4500 | ||
|---|---|---|---|
| 001 | 0076334 | ||
| 005 | 20240311130958.2 | ||
| 020 | |a 80-7357-027-0 | ||
| 041 | 0 | |a cze | |
| 044 | |a CZ | ||
| 245 | 1 | 0 | |a Komanditní společnost |c Tomáš Dvořák |
| 264 | 1 | |a Praha |b ASPI |c 2004 | |
| 300 | |a xviii, 309 s. | ||
| 490 | 1 | |a Právnické osoby | |
| 830 | 0 | |a Právnické osoby | |
| 610 | 2 | 0 | |a spoločnosti komanditné |
| 610 | 2 | 0 | |a Česko |
| 610 | 2 | 0 | |a legislatíva |
| 610 | 2 | 0 | |a osoby právnické |
| 610 | 2 | 0 | |a založenie podniku |
| 610 | 2 | 0 | |a spoločníci |
| 610 | 2 | 0 | |a podiely obchodné |
| 610 | 2 | 0 | |a orgány štatutárne |
| 610 | 2 | 0 | |a zrušenie podniku |
| 610 | 2 | 0 | |a likvidácia podniku |
| 610 | 2 | 0 | |a fúzie |
| 610 | 2 | 0 | |a transformácia podniku |
| 100 | 1 | |a Dvořák, Tomáš | |